Central Library OPAC University of Rajshahi

Teach yourself Greek / (Record no. 7374)

MARC details
000 -LEADER
fixed length control field 00809cam a2200241u 4500
001 - CONTROL NUMBER
control field 7374
003 - CONTROL NUMBER IDENTIFIER
rucl marc code BD-RjUL
005 - DATE AND TIME OF LATEST TRANSACTION
control field 20211208234415.0
008 - FIXED-LENGTH DATA ELEMENTS--GENERAL INFORMATION
fixed length control field 140113s1954 enka 000 0 eng
035 ## - SYSTEM CONTROL NUMBER
System control number (BD-RjUL)7417
040 ## - CATALOGING SOURCE
Original cataloging agency DLC
Transcribing agency CarP
Modifying agency DLC
-- BD-RjUL
Language of cataloging eng
041 ## - LANGUAGE CODE
Language code of text/sound track or separate title eng
082 ## - DEWEY DECIMAL CLASSIFICATION NUMBER
Edition number 19
Classification number 489.35
Author mark and year KIT 1954
100 2# - MAIN ENTRY--PERSONAL NAME
Personal name Kinchin-Smith, Francis John,
Dates associated with a name 1895- [from old catalog]
9 (RLIN) 23037
245 10 - TITLE STATEMENT
Title Teach yourself Greek /
Statement of responsibility, etc. F Kinchin Smith; T W Melluish
260 ## - PUBLICATION, DISTRIBUTION, ETC. (IMPRINT)
Place of publication, distribution, etc. London :
Name of publisher, distributor, etc. Pub. by Hodder and Stoughton for the English Universities Press ,
Date of publication, distribution, etc. 1954
300 ## - PHYSICAL DESCRIPTION
Pagination 331 p. :
Illustrations illus. ;
Size 17 cm.
650 #0 - SUBJECT ADDED ENTRY--TOPICAL TERM
Topical term or geographic name as entry element Greek language
General subdivision Grammar
9 (RLIN) 23039
700 1# - ADDED ENTRY--PERSONAL NAME
Personal name Melluish, Thomas William,
Dates associated with a name 1904- [from old catalog]
Relator term joint author.
942 ## - ADDED ENTRY ELEMENTS (KOHA)
Source of classification or shelving scheme Dewey Decimal Classification
Koha item type Books
Holdings
Lost status Source of classification or shelving scheme Damaged status Not for loan Collection code Permanent Location Current Location Shelving location Date acquired Source of acquisition Cost, normal purchase price Total Checkouts Full call number Date last seen Copy number Koha item type
  Dewey Decimal Classification   Not For Loan Non-fiction Central Library, University of Rajshahi Central Library, University of Rajshahi   21/07/1957 N/A 4.14   489.35 KIT 1954 13/01/2014 C-1 Books